| 000 | 00643nam a2200193 i 4500 | ||
|---|---|---|---|
| 001 | 182354 | ||
| 003 | ES-MaACL | ||
| 005 | 20260305063023.0 | ||
| 008 | 130806s1977 sp | |||| ||baq d | ||
| 080 | _a811.361 | ||
| 100 | 1 |
_aIrigoien, Alfonso, _d1929-1996 _9153171 |
|
| 245 | 1 | 0 |
_aGeure hizkuntzari euskaldunok deritzagun izenaz / _c[Alfonso Irigoyen]. |
| 260 |
_a[Bilbo : _bEuskaltzaindia, _c1977] |
||
| 300 |
_aP. 513-538 ; _c22 cm. |
||
| 595 | _aSeparata de : Euskera. 22 (uztailetik-abendura 1977) | ||
| 650 |
_aLengua vasca. _914329 |
||
| 852 |
_aES-MaACL _j2319-F-14 _z.- Donat. viuda de Tovar |
||
| 999 |
_c182354 _d182354 |
||